000 00422nam a2200181Ia 4500
001 4687
005 20260306145814.0
008 260306t2013||||xx |||||||||||||| ||spa||
041 _aESP
082 _a330
_bP26I
100 _aParkin, Michael
_eAUT
245 0 _aIntroducción a la economía
260 _c2013
300 _axii, 474 páginas :
_c25 cm.
650 _aGEN
654 _aCAN
942 _cLIB
_dJUS
_fJUS
_2ddc
_n
999 _c4687
_d4687